Infračervená spektroskopie v klinické diagnostice = Infrared spectroscopy in clinical diagnostics /

Hlavní autor: Vránová, Jana
Korporativní autor: České vysoké učení technické v Praze. Fakulta biomedicínského inženýrství
Jazyk: Čeština
Vydáno: V Praze : České vysoké učení technické, 2015
Edice: Habilitační přednášky ; 13/2015
Témata:
Fyzický popis: 22 stran : ilustrace (některé barevné) ; 21 cm
Language note: České a anglické resumé
Knihy
Uloženo v:
LEADER 02230nam a2200541 i 4500
001 nkc20152702196
003 CZ PrNK
005 20150914141618.0
007 ta
008 150615s2015 xr a f 000 0 cze
015 |a cnb002702196 
020 |a 978-80-01-05751-3  |q (brožováno) 
035 |a (OCoLC)918011584 
040 |a ABA001  |b cze  |e rda 
041 0 |a cze  |b cze  |b eng 
072 7 |a 616  |x Patologie. Klinická medicína  |2 Konspekt  |9 14 
080 |a 543.42-74  |2 MRF 
080 |a 616-07  |2 MRF 
080 |a 616.32/.37  |2 MRF 
080 |a (043.5:042.3)  |2 MRF 
100 1 |a Vránová, Jana  |7 xx0099427  |4 aut 
245 1 0 |a Infračervená spektroskopie v klinické diagnostice =  |b Infrared spectroscopy in clinical diagnostics /  |c Jana Vránová 
246 3 1 |a Infrared spectroscopy in clinical diagnostics 
264 1 |a V Praze :  |b České vysoké učení technické,  |c 2015 
300 |a 22 stran :  |b ilustrace (některé barevné) ;  |c 21 cm 
336 |a text  |b txt  |2 rdacontent 
337 |a bez média  |b n  |2 rdamedia 
338 |a svazek  |b nc  |2 rdacarrier 
490 1 |a Habilitační přednášky ;  |v 13/2015 
500 |a Nad názvem: České vysoké učení technické v Praze, Fakulta biomedicínského inženýrství = Czech Technical University in Prague, Faculty of Biomedical Engineering 
500 |a 39 výtisků 
504 |a Obsahuje bibliografii 
546 |a České a anglické resumé 
650 0 7 |a infračervená spektroskopie  |7 ph318941  |2 czenas 
650 0 7 |a klinická diagnostika  |7 ph114915  |2 czenas 
650 0 7 |a gastroenterologie  |7 ph120471  |2 czenas 
650 0 9 |a infrared spectroscopy  |2 eczenas 
650 0 9 |a clinical diagnostics  |2 eczenas 
650 0 9 |a gastroenterology  |2 eczenas 
655 7 |a habilitační přednášky  |7 fd187328  |2 czenas 
655 9 |a habilitation lectures  |2 eczenas 
710 2 |a České vysoké učení technické v Praze.  |b Fakulta biomedicínského inženýrství  |7 xx0036074  |4 isb 
810 2 |a České vysoké učení technické v Praze.  |t Habilitační přednášky  |0 s 
910 2 |a BOA001  |b 2-1350.870 
990 |a BK 
995 |a 01 
991 |b 201508  |c NOV  |e n 
996 6 |b 2610641450  |c 2-1350.870  |l MZK  |r Sklad / do 1 hodiny  |n 1  |p p.v.  |w 001517857  |u 000010  |a 1  |e BOA001  |j MZK50  |s P